| 000 | 00692nam a2200229 u 4500 | ||
|---|---|---|---|
| 005 | 20240228064151.0 | ||
| 008 | 141006s2002 r 000 0 eng d | ||
| 020 | _a9788421697344 | ||
| 035 | _aUPN01000200030 | ||
| 049 | _aI | ||
| 050 | 4 |
_aPZ76.3 _bB3.383 2002 |
|
| 100 | 1 |
_aBartolomé Regalado, Alba _936499 |
|
| 245 | 1 | 0 |
_aÉufrates, el gato amarillo limón / _cAlba Bartolomé Regalado. |
| 250 | _a3a ed. | ||
| 260 |
_aMadrid : _bBruño, _c2002. |
||
| 300 |
_a29 p. : _bil. col. |
||
| 440 | 0 |
_aChiqui cuentos ; _v22. _pA partir de 4 años |
|
| 650 | 0 |
_aAnimales _vCuentos y leyendas _9234 |
|
| 650 | 4 |
_aLibros y lectura para niños _92290 |
|
| 905 | _aInfantil | ||
| 999 |
_c172131 _d172131 |
||